<?xml version="1.0" encoding="UTF-8"?><?xml-stylesheet type="text/xsl" href="static/style.xsl"?><OAI-PMH xmlns="http://www.openarchives.org/OAI/2.0/" xmlns:xsi="http://www.w3.org/2001/XMLSchema-instance" xsi:schemaLocation="http://www.openarchives.org/OAI/2.0/ http://www.openarchives.org/OAI/2.0/OAI-PMH.xsd"><responseDate>2026-06-01T17:22:13Z</responseDate><request verb="GetRecord" identifier="oai:riuma.uma.es:10630/45461" metadataPrefix="marc">https://riuma.uma.es/rest/oai/request</request><GetRecord><record><header><identifier>oai:riuma.uma.es:10630/45461</identifier><datestamp>2026-02-14T00:47:24Z</datestamp><setSpec>com_10630_2254</setSpec><setSpec>col_10630_37956</setSpec></header><metadata><record xmlns="http://www.loc.gov/MARC21/slim" xmlns:dcterms="http://purl.org/dc/terms/" xmlns:doc="http://www.lyncode.com/xoai" xmlns:xsi="http://www.w3.org/2001/XMLSchema-instance" xsi:schemaLocation="http://www.loc.gov/MARC21/slim http://www.loc.gov/standards/marcxml/schema/MARC21slim.xsd">
   <leader>00925njm 22002777a 4500</leader>
   <datafield ind2=" " ind1=" " tag="042">
      <subfield code="a">dc</subfield>
   </datafield>
   <datafield ind2=" " ind1=" " tag="720">
      <subfield code="a">Sánchez-Fernández, Antonio Simón</subfield>
      <subfield code="e">author</subfield>
   </datafield>
   <datafield ind2=" " ind1=" " tag="720">
      <subfield code="a">Márquez-Casero, María Victoria</subfield>
      <subfield code="e">author</subfield>
   </datafield>
   <datafield ind2=" " ind1=" " tag="260">
      <subfield code="c">2019</subfield>
   </datafield>
   <datafield ind2=" " ind1=" " tag="520">
      <subfield code="a">Esta propuesta tiene su origen en los resultados obtenidos de las entrevistas y encuestas que, durante cinco cursos, hemos realizado en las distintas asignaturas de los grados de Magisterio de Primaria e Infantil y que han puesto de manifiesto una escasa formación en arte, además de una baja motivación sobre la didáctica de la Educación Artística; aspecto que se observa en que los temas relacionados con el arte no son apenas elegidos en los Trabajos Fin de Grado de la Facultad de Educación (UMA).
Para intentar paliar esta situación, el profesorado universitario del Área de Expresión Plástica decidimos pasar a la acción y proponer una serie de proyectos de innovación educativa que permitan una nueva determinación y consideración de nuestro área de conocimiento en general y del arte en particular entre nuestro alumnado.</subfield>
   </datafield>
   <datafield ind1="8" ind2=" " tag="024">
      <subfield code="a">Sánchez Fernández, Antonio S.; Márquez-Casero, M.V; (2019) El graffiti: Una herramienta de innovación educativa en la formación artística de los docentes Arte, educación y patrimonio del siglo XXI / Zacarías Calzado Almodóvar (aut.), Guadalupe Durán Domínguez (aut.), Rodrigo Espada Belmonte (aut.)ISBN 9788409163304, págs. 290-298</subfield>
   </datafield>
   <datafield ind1="8" ind2=" " tag="024">
      <subfield code="a">978-84-09-16330-4</subfield>
   </datafield>
   <datafield ind1="8" ind2=" " tag="024">
      <subfield code="a">Depósito Legal: BA-000720-2019</subfield>
   </datafield>
   <datafield ind1="8" ind2=" " tag="024">
      <subfield code="a">http://hdl.handle.net/10662/18525</subfield>
   </datafield>
   <datafield ind1="8" ind2=" " tag="024">
      <subfield code="a">https://hdl.handle.net/10630/45461</subfield>
   </datafield>
   <datafield tag="653" ind2=" " ind1=" ">
      <subfield code="a">Arte - Estudio y enseñanza</subfield>
   </datafield>
   <datafield tag="653" ind2=" " ind1=" ">
      <subfield code="a">Profesores - Formación profesional</subfield>
   </datafield>
   <datafield ind2="0" ind1="0" tag="245">
      <subfield code="a">El graffiti: una herramienta de innovación educativa en la formación artística de los docentes.</subfield>
   </datafield>
</record>
</metadata></record></GetRecord></OAI-PMH>